La familia Irarrázabal en Chile

Saved in:
Bibliografiske detaljer
Hovedforfatter: Thayer Ojeda, Tomás (Author)
Format: Bog
Sprog:spansk
Udgivet: Santiago, Chile Cervantes 1931
Fag:
Tags: Tilføj Tag
Ingen Tags, Vær først til at tagge denne postø!

MARC

LEADER 00000nam a2200000 a 4500
001 UCP8286
003 CL-VaPUC
005 20240401121844.0
008 000114e19310000CL |||||||||||||||||spa|d
999 |c 285218  |d 285216 
040 |c Pontificia Universidad Católica de Valparaíso 
082 0 4 |a 929.2 THA 1931  |2 21 
100 0 |a Thayer Ojeda, Tomás  |e author  |9 438140 
245 1 3 |a La familia Irarrázabal en Chile 
260 |a Santiago, Chile  |b Cervantes  |c 1931 
300 |a 284 páginas 
583 |a last modification  |c 20180227 06:32:28  |k Rodrigo Vera 
650 0 |a Familias   |z CHILE  |9 255641 
650 0 |a Historia de Chile  |9 265473 
650 0 |a Biografías  |z CHILE  |9 255210 
852 |a BIBCUR 
942 |c BK  |2 ddc 
945 |d 20000114 00:00:00  |a rherrera 
952 |0 0  |1 0  |2 ddc  |4 0  |6 929_200000000000000_THA_1931  |7 0  |8 X  |9 329656  |a BIBHIS  |b BIBHIS  |d 2019-11-20  |i 1375083  |o 929.2 THA 1931  |p 1375083  |r 2024-01-30  |t 1  |w 2019-11-20  |y BK_X  |k HIS